000 00324nam a22001337a 4500
008 170619b xxu||||| |||| 00| 0 eng d
020 _a9781555876074
041 _aeng
080 _a32
100 _a20
101 _aSHP
245 _aTHE CONSOLIDATION OF DEMOCRACY IN LATIN AMERICA
_cTULSCHIN.J.S
942 _2udc
_cBK
999 _c18121
_d18121